| 000 | 01074cam a22003374a 4500 | ||
|---|---|---|---|
| 001 | 6936 | ||
| 003 | FISKH | ||
| 005 | 20250610161915.0 | ||
| 008 | 001006s1988 xxu b 000 0 eng | ||
| 010 | _a 00708955 | ||
| 020 | _a9781605771212 | ||
| 040 |
_aDLC _cDLC _dDLC _beng |
||
| 050 | _aBJ1631 .B437 | ||
| 082 | _a 177.1 | ||
| 100 | 1 | _aBerry, Joy Wilt. | |
| 245 | 1 | 2 |
_aA children's book about being rude / _cby Joy Berry. |
| 260 |
_aNew York : _bJoy Berry Enterprise, _c2008. |
||
| 300 |
_a38 unnumbered pages : _bcolor illstrations ; _c21 cm |
||
| 440 | 0 | _aHelp me be good | |
| 505 | _aD | ||
| 520 | _aDescribes rude behavior, explains the disadvantages of being rude, and shows how to be polite and considerate of others. | ||
| 521 | 8 |
_a160
_bLexile estimate |
|
| 521 | 8 |
_aE
_bRaz-Plus |
|
| 650 | 0 |
_aConduct of life _vJuvenile literature. |
|
| 650 | 0 |
_aCourtesy _vJuvenile literature. |
|
| 650 | 1 | _aEtiquette. | |
| 650 | 1 | _aConduct of life. | |
| 906 |
_a7 _bcbc _corignew _d2 _encip _f19 _gy-gencatlg |
||
| 942 |
_2ddc _cBK _n0 |
||
| 999 |
_c6936 _d6936 |
||